00732nam a22001097a 4500040000800000082002700008100004200035245040900077260002600486300002300512856008700535 cRUA aAVM VON 2018 B658 Or.1 aVON PHANITH វ៉ន ផានិត aantimicrobial resistance profile in native duck in phang sothea farm at chbamom district, kampong speu province, ភាពសុំារបស់បាត់តេរីទល់នឹងអង់ប្យូទិច នៅក្នុងលាមកទាសាច់ នៅកសិដ្ឋាន ប៉ាង សុធា ក្រុងច្បាមន ខេត្តកំពង់ស្ពឺ aRUAbPhnom penhc2018 axi;33pbill;c29cm uhttps://drive.google.com/file/d/1BTRwafInG7_NM2LZNw_GLe4Di7coYUTO/view?usp=sharing